000 00646nam a2200217Ia 4500
003 GCL
008 140319s9999 xx 000 0 ara d
040 _aGCL /
_cGCL
082 0 4 _a811.09
_bح م
100 1 _aحسين احمد عطوان
245 1 0 _aمقالات فى الشعر ونقده /
_cحسين احمد عطوان
260 _a[S.N] :
_bدار الجيل ،
_c1987
300 _a236 ص
490 _a
650 0 4 _aالشعر العربى
650 0 4 _aالعصر الجاهلى
650 0 4 _aالمسرحية العربية
650 0 4 _aمقالات ومحاضرات
650 0 4 _aتاريخ ونقد
942 _2ddc
_cBK
999 _c54187
_d54187